| 000 | 01804nam a2200241Ia 4500 | ||
|---|---|---|---|
| 003 | Ost | ||
| 005 | 20260416102358.0 | ||
| 008 | 260416s9999||||xx |||||||||||||| ||und|| | ||
| 040 | _cfsecg | ||
| 041 | _aara | ||
| 082 | _a382 | ||
| 100 |
_aفراح، فريال _eمؤلف |
||
| 245 | 0 |
_aالجمركة و التبادل التجاري : _b مطبوعة بيداغوجية موجهة لطلبة السنة الثالثة ، قسم العلوم التجارية ، تخصص تجارة دولية / _c فريال فراح |
|
| 260 |
_aالجزائر _bجامعة الجزائر3: كلية العلوم الإقتصادية، العلوم التجارية وعلوم التسيير _c2022 |
||
| 300 |
_a104 ورقة _bايضاحات _c30 سم |
||
| 504 | _aمراجع ص.99 | ||
| 520 | _aمدخل الى التجارة الخارجية ، النظريات المفسرة لقيام التجارة الخارجية ، التفاوض التجاري و عقود البيع و تقنيات النقل الدولي ، العبور و التراميز و آليات تمويل التجارة الخارجية ، الاجراءات الجمركية ، الاصلاحات الجمركية الجزائرية في ظل مخطط عصرنة إدارة الجمارك 2007-2013 و الاصلاحات الجمركية وفق المخطط الاستراتيجي للجمارك للفترة 2016-2019 ، الاتفاقيات التجارية الجزائرية الجزائرية متعددة الاطراف . | ||
| 653 | _aالتبادل التجاري | ||
| 653 | _aالتجارة الخارجية | ||
| 653 | _aالجمارك | ||
| 710 |
_aجامعة الجزائر3: كلية العلوم الإقتصادية، العلوم التجارية وعلوم التسيير _eناشر علمي |
||
| 942 | _cHANDOUT | ||
| 999 |
_c41282 _d41282 |
||